Drogi w Rzeszowie - Statystyki

Ogólne statystyki
  • Ten quiz został rozwiązany 16 razy
  • Średni wynik to 4 z 7
Statystyki odpowiedzi
Waga Droga % Poprawnych
Droga Ekspresowa S19
100%
Drogo Krajowa 9
80%
Droga Krajowa 94
73%
Droga Krajowa 19
67%
Droga Krajowa 97
47%
Droga Wojewódzka 878
40%
Droga Wojewódzka 882
7%
Nie znaleziono quizów pasujących do podanych kryteriów
Rozkład punktacji
Procent ludzi z każdym wynikiem
Percentyl według liczby udzielonych odpowiedzi
Twoja historia wyników
Nie rozwiązałeś tego quizu